000 00492nam a2200181Ia 4500
003 GCL
008 140319s9999 xx 000 0 ara d
040 _aGCL /
_cGCL
082 0 4 _a401
_bب ل
100 1 _aباى، ماريو
245 1 0 _aلغات البشر: اصولها , طبيعتها , تطورها /
_cباى، ماريو
700 1 _aصلاح العربى (مترجم)
300 _a124 ص
490 _a
650 0 4 _aتاريخ
650 0 4 _aاللغات
942 _2ddc
_cBK
999 _c38157
_d38157